| 000 | 00614 a2200193 4500 | ||
|---|---|---|---|
| 001 | 3278 | ||
| 005 | 20260407155426.0 | ||
| 008 | 260407a1967 arg spa d | ||
| 003 | AR-UNSa-BCEJYS | ||
| 040 |
_aAR-UNSa-BCEJYS _bspa _cAR-UNSa-BCEJYS |
||
| 080 |
_a347.7 _xDerecho Mercantil. Derecho Comercial |
||
| 245 | 1 | 0 | _aCurso de derecho comercial |
| 264 | 1 |
_aBuenos Aires : _bDepalma _c1967 |
|
| 300 |
_a322 p. _c23 cm. |
||
| 942 | _cBK | ||
| 590 | _aniveau_biblio:m niveau_hierar:0 | ||
| 100 | 1 | _aHalperin, Isaac | |
| 856 | 4 | 1 |
_uhttps://biblioeco.unsa.edu.ar/pmb/images/libros/L21613.jpg _yImagen de portada _qimage/jpeg |
| 999 |
_c309 _d309 |
||